Viaje por el río Changjiang

Salvato in:
Dettagli Bibliografici
Autore principale: Xuewu, Qiu (Autore)
Natura: Libro
Lingua:spagnolo
Pubblicazione: Beijing Lenguas Extranjeras 1980
Soggetti:
Tags: Aggiungi Tag
Nessun Tag, puoi essere il primo ad aggiungerne!!

MARC

LEADER 00000nam a2200000 a 4500
001 UCZ7457
003 CL-VaPUC
008 960105e19800000CH |||||||||||||||||spa|d
082 0 4 |a 910.4  |b XUE  |2 21 
100 0 |a Xuewu, Qiu  |e author  |9 352342 
245 1 0 |a Viaje por el río Changjiang 
300 |a 136 p 
942 |c BK 
945 |d 19960105 00:00:00  |a cmena 
260 |a Beijing  |b Lenguas Extranjeras  |c 1980 
650 0 |a Viajes  |9 257115 
650 0 |a Rios  |9 261760 
650 0 |a Cuencas Fluviales  |9 352343 
650 0 |a Estuarios  |9 326749 
651 0 |a China   |9 257545 
583 |a last modification  |c 19960105 00:00:00  |k Rodrigo Vera 
999 |c 243529  |d 243527 
952 |0 0  |1 0  |4 0  |6 910_400000000000000_XUE_1980  |7 0  |8 A  |9 257197  |a BIBGIM  |b BIBGIM  |d 2019-11-19  |i 1610503  |o 910.4 XUE 1980  |p 1610503  |r 2025-01-15  |w 2019-11-19  |y BK  |k ORI